| 000 | 04927nam a2200289 u 4500 | ||
|---|---|---|---|
| 003 | AM-YeHGA | ||
| 005 | 20250618073158.0 | ||
| 008 | 071023s1788 ||| r 000 0 arm d | ||
| 040 | _aAM-YeHGA | ||
| 100 | 0 |
_aՆԵՐՍԷՍ ՇՆՈՐՀԱԼԻ _d1100-1173 |
|
| 245 | 1 | 0 |
_aԸՆԴՀԱՆՐԱԿԱՆ / _cՆերսէս Շնորհալի; ԴՐՈՒԱՏ ՊԱՏՄԱԳՐԱԲԱՐ / ՆեՐՍԷՍ ԼԱՄԲՐՈՆԱՑԻ. |
| 260 |
_aՊետերբուրգ : _bտպ. Գրիգոր Խալդարյանցի, _c1788. |
||
| 300 |
_a336 էջ : _bնկ. ; _c23 սմ. |
||
| 500 | _a2 գիրք 1 կազմի մեջ | ||
| 500 | _aԱ ԳՐՔԻ ՏԻՏՂԹ.՝ ԳԻՐՔ/ ՈՐ ԿՈՉԻ ԸՆԴՀԱՆ/ՐԱԿԱՆ,/ Արարեալ Սրբազանասուրբ Հայրապետին մե/րոյ՝ Տ[եառ]ն Ներսէսի Շնորհալւոյ:/ Որ պարունակէ յինքեան զուղղափառ դաւանութի[ւն]ս՝ և/ զանստերիւր աւանդու[թ]ի[ւն]ս կարգաց՝ Հայաստանեայցս՝ Ս[ուր]բ|/ Եկեղեցւոյ. ևս՝ զհոգեշահ խրատս, և զփրկառիթ պատ/ուէրս՝ առ ամ[ենայն] ցեղ կացութի[ւն]ս՝ Եկեղ[ե]ց[ա]կ[ա]նաց՝ և Աշխարհ[ա]կ[ա]նց։/ Տպագրեցեալ ի վեհափառ Հայրապետութեան՝ Լուսացնցուղ և/ Ք[րիստո]սակերտ Ս[ր]բ[ո]յ Աթոռոյն Էջմիածնի՝ Տ[եառ]ն ՂՈՒԿԱՍՈՒ Երի/ցըս երանեալ Սրբազանասուրբ կաթուղիկոսի ամենայն Հայոց։/ | ||
| 500 | _aՀրամանաւ Ս[ր]բ[ո]յ Աթոռոյն Էջմիածնի՝ Ծայրագոյն Նուիրակի, Ռուսաց/ երկրի՝ և յամ[ենայն] հիւսիսային կողմանս եղեալ ազգիս հայոց՝ Առաքելաշաւիղ/ առաջնորդի՝ Սանահնեցի երկայնաբազուկ Արղութեանց՝ իշխանազ/նեայ Տ[եառ]ն Յուվսեփայ Սրբազանագունեղ Արք եպիսկոպոսի։/ Որոյ արդեամբն իսկ տպեցաւ ի յօգուտ մանկանց Եկեղեցւոյ՝ Սիրելի/ Ազգին իւրոյ։/ Յամի Տ[եառ]ն 1788. ի մայիսի 1։ Իսկ ի թուին Հայոց՝ ռմլէ։/ Ի կայսերապերճ Մայրաքաղաքս/ ՍԱՆԿՏՊԵՏԵՐԲՈՒՐԳ։/ Ի տպարանի Խալդարե[ա]նց Խոջամալի որդի՝ ի ք[րիստո]ս հանգու/ցեալ Պարոն Գրիգորին:/ ՀՐԱՄԱՆԱՒ ԿԱՌԱՎԱՐՉԱՑՆ ԲԱՐԵԿԱՐԳՈՒԹԵԱՆ:/ | ||
| 500 | _aԲ ԳՐՔԻ ՏԻՏՂԹ.՝ ԴՐՈՒԱՏ ՊԱՏՄԱԳՐԱԲԱՐ՝/ Ի յա[ստուա]ծահրաւէր փոխումն՝ Սրբազնասուրբ Հայ/րապետին մերոյ՝ Տ[եառ]ն Ներսէսի կլայեցւոյ, ոգ/եալ ի Ներսէսէ Լամբրոնացւոյ՝ յԱրք Եպիս/կոպոսէ՝ Տարսօնու Կիլիկեցւոց։/ Տպագրեցեալ ի վեհափառ Հայրապետութե[ան] Լուսացն/ցուղ և Ք[րիստո]սակերտ Սրբոյ՝ Աթոռոյն Էջմիածնի՝ Տեառն/ ՂՈՒԿԱՍՈՒ Երիցս Երանեալ Սրբազանասուրբ Կա/թուղիկոսի՝ ամ[ենայն] Հայոց։/ Հրամանաւ Սրբոյ Աթոռոյն Էջմիածնի՝ Ծայրագոյն Նուիրակի,/ ռուսաց երկրի և յամենայն հիւսիսային կողմանս եղեալ ազգիս հայ/ոց Առաքելաշաւիղ Առաջնորդի՝ Սանահնեցի Երկայնաբազուկ/ Արղութեանց՝ Իշխանազնեայ Տ[եառ]ն Յովսեփայ Սրբազանագունեղ/ Արք եպիսկոպոսի։/ Յամի տ[եառ]ն 1788. ի Մայիսի 1. իսկ ի թուին հայոց՝ ռմլէ։/ Ի ՍԱՆԿՏՊԵՏԵՐԲՈՒՐԳ:/ | ||
| 500 | _aԺԶ, 336 (=352) էջ։ Քառածալ։ Մամուլանիշերը և արաբական թվանշաններով։ Շարվ. չափը՝ 16X10,3 սմ: Ա և Բ տիտղոսաթերթերի վրա հրատարակչական տվյալներից առաջ փոքրիկ զարդ: Լուսանցանիշերով։ 3 ներդիր փորագիր պատկեր։ Գլխազարդեր, վերջազարդեր և զարդագրեր։ Բնագիրը 12 կետաչափի բոլորագրով, օգտագործված են նաև նոտրգիր և գլխագրեր։ | ||
| 546 | _aԳրաբար | ||
| 650 | 1 | 4 |
_aՀայ Առաքելական եկեղեցի _94983 |
| 700 | 0 |
_aՆերսես Լամբրոնացի, _d1153-1198 _tԴրուատ պատմագրաբար _94795 |
|
| 740 | 0 | 2 | _aԴրուատ պատմագրաբար |
| 856 | 4 | 1 |
_uhttp://greenstone.flib.sci.am/gsdl/collect/armenian/Books/endhanrakan/book/endhanrakan.pdf _yԿարդալ առցանց ԸՆԴՀԱՆՐԱԿԱՆ |
| 856 |
_uhttp://greenstone.flib.sci.am/gsdl/collect/armenian/Books/druat/book/druat.pdf _yԴՐՈՒԱՏ ՊԱՏՄԱԳՐԱԲԱՐ |
||
| 942 |
_2udc _cBK |
||
| 090 | _c215939 | ||
| 999 |
_c214423 _d214423 |
||